[Event "Sonderjysk EMT Basis 2 2015"]
[Site "Vojens"]
[Date "2015.04.27"]
[Round "1"]
[White "Jensen, Karl Orskov"]
[Black "Iversen, Michael"]
[Result "1/2-1/2"]
[WhiteElo "1447"]
[BlackElo "1300"]
[PlyCount "45"]
[EventDate "2015.??.??"]

1. d4 d5 2. c4 Nf6 3. e3 Nc6 4. Nc3 e6 5. Nf3 Bd6 6. a3 O-O 7. c5 Be7 8. b4 a6
9. Bd3 Bd7 10. O-O b6 11. cxb6 cxb6 12. Bb2 b5 13. Rc1 Bd6 14. Ne2 Re8 15. Qc2
Rc8 16. Qb1 e5 17. dxe5 Nxe5 18. Bxe5 Bxe5 19. Rxc8 Bxc8 20. Nxe5 Rxe5 21. Nf4
g6 22. Rc1 Re8 23. Ne2 1/2-1/2

[Event "Sonderjysk EMT Basis 2 2015"]
[Site "Vojens"]
[Date "2015.04.27"]
[Round "1"]
[White "Kallesen, Jesper"]
[Black "Petersen, Broder"]
[Result "0-1"]
[WhiteElo "1564"]
[BlackElo "1423"]
[PlyCount "161"]
[EventDate "2015.??.??"]

1. e4 e5 2. b3 Bc5 3. Bb2 d6 4. Nf3 f5 5. exf5 Bxf5 6. d4 exd4 7. Bxd4 Bxd4 8.
Qxd4 Qf6 9. Qxf6 Nxf6 10. Nd4 Bg6 11. c3 O-O 12. Nd2 Re8+ 13. Kd1 a6 14. Be2 c5
15. N4f3 Nc6 16. Nh4 Bf7 17. Bf3 d5 18. Nf5 Rad8 19. Ne3 Ne5 20. Be2 d4 21.
cxd4 cxd4 22. Nec4 Nd5 23. Ne4 Nxc4 24. bxc4 Rxe4 25. cxd5 Bxd5 26. Bf3 Re5 27.
Bxd5+ Rdxd5 28. Kd2 Rb5 29. Kd3 Red5 30. Rhe1 Kf7 31. Re2 Rd7 32. Rae1 Rc5 33.
Re4 Rc3+ 34. Kd2 Ra3 35. Rf4+ Kg6 36. Re6+ Kg5 37. g3 Rxa2+ 38. Kd3 Ra5 39. h3
g6 40. Rh4 h5 41. Rf4 Ra3+ 42. Ke4 d3 43. h4+ Kh6 44. Rff6 Rg7 45. Rd6 Re7+ 46.
Kd4 Rg7 47. Kc4 b5+ 48. Kb4 Ra4+ 49. Kb3 a5 50. Rxd3 Rb4+ 51. Ka3 Ra4+ 52. Kb3
Rb4+ 53. Kc2 Rc4+ 54. Kb3 Rcc7 55. f4 Rgd7 56. Re3 Rc4 57. f5 Rg4 58. fxg6 Rxg6
59. Rf5 Rdg7 60. Rxb5 Rxg3 61. Rxg3 Rxg3+ 62. Ka4 Rg4+ 63. Kxa5 Rxh4 64. Rb6+
Kg5 65. Rb5+ Kg4 66. Rb4+ Kf3 67. Rb3+ Kf2 68. Rb2+ Ke3 69. Rb3+ Kd2 70. Rb2+
Kc3 71. Rg2 Rh1 72. Rg8 h4 73. Rc8+ Kd4 74. Rd8+ Kc5 75. Rc8+ Kd6 76. Rh8 h3
77. Kb4 h2 78. Rh6+ Ke5 79. Rh5+ Kf4 80. Rh4+ Kg3 81. Rh8 0-1

[Event "Sonderjysk EMT Basis 2 2015"]
[Site "Vojens"]
[Date "2015.04.27"]
[Round "1"]
[White "Lindgaard, Tobias Simon"]
[Black "Jessen, Morten"]
[Result "1-0"]
[WhiteElo "1551"]
[BlackElo "1469"]
[PlyCount "117"]
[EventDate "2015.??.??"]

1. g3 d5 2. Bg2 Nf6 3. Nf3 c5 4. O-O Nc6 5. d4 cxd4 6. Nxd4 e6 7. c4 Nxd4 8.
Qxd4 dxc4 9. Qxd8+ Kxd8 10. Nd2 c3 11. bxc3 Bd6 12. Nc4 Ke7 13. Rd1 Bc7 14.
Ba3+ Ke8 15. Bd6 Bxd6 16. Nxd6+ Ke7 17. Rab1 Rd8 18. Bxb7 Bxb7 19. Rxb7+ Rd7
20. Rxd7+ Nxd7 21. Nxf7 Rc8 22. Ng5 Rxc3 23. Ne4 Rc2 24. Rd2 Rc4 25. f3 h6 26.
Kf2 Nc5 27. Nxc5 Rxc5 28. e4 Rc3 29. g4 Rc7 30. Kg3 e5 31. Rd5 Kf6 32. Ra5 Rd7
33. Rd5 Rc7 34. Ra5 Rd7 35. Ra6+ Kf7 36. Rc6 Ke7 37. Rc3 Kf6 38. f4 exf4+ 39.
Kxf4 g5+ 40. Ke3 Rd6 41. Rc2 a6 42. Rf2+ Kg6 43. e5 Rd1 44. Ke4 Re1+ 45. Kd5
Rd1+ 46. Ke6 Kg7 47. Rf7+ Kg8 48. Rf2 Rd4 49. Kf5 Rd5 50. Kf6 Rd4 51. e6 Rd6
52. Ke7 Rd1 53. Ke8 Rd4 54. Rf8+ Kg7 55. Rf7+ Kg8 56. Rd7 Rxg4 57. Rd2 Re4 58.
e7 Rc4 59. Kd7 1-0

[Event "Sonderjysk EMT Basis 2 2015"]
[Site "Vojens"]
[Date "2015.04.27"]
[Round "1"]
[White "Nielsen, Thomas"]
[Black "Kristensen, Karl Martin"]
[Result "1-0"]
[WhiteElo "1623"]
[BlackElo "1409"]
[PlyCount "85"]
[EventDate "2015.??.??"]

1. c4 e5 2. Nf3 Nc6 3. d4 exd4 4. Nxd4 Nxd4 5. Qxd4 Qf6 6. Qe4+ Qe6 7. Qxe6+
fxe6 8. g3 Bc5 9. Bg2 Ne7 10. O-O O-O 11. Bf4 d6 12. Nd2 Nf5 13. Nb3 Nd4 14.
Nxd4 Bxd4 15. Rab1 e5 16. Bd2 c6 17. Bb4 Rf6 18. e3 Bb6 19. Rbd1 Bc7 20. f4 Bg4
21. fxe5 Rxf1+ 22. Rxf1 c5 23. exd6 Bxd6 24. Bxb7 Rb8 25. Bd5+ Kh8 26. Bc3 Re8
27. Rf7 Bf8 28. Rxa7 h5 29. Ra8 Rxa8 30. Bxa8 Bd6 31. Bd5 Bd1 32. e4 Kh7 33. e5
Be7 34. Be4+ Kg8 35. e6 Kf8 36. Kf2 h4 37. Bf3 hxg3+ 38. hxg3 Bxf3 39. Kxf3 Bf6
40. Bxf6 gxf6 41. Ke4 Kg7 42. Kd5 f5 43. a4 1-0

[Event "Sonderjysk EMT Basis 2 2015"]
[Site "Vojens"]
[Date "2015.05.04"]
[Round "2"]
[White "Jessen, Morten"]
[Black "Jensen, Karl Orskov"]
[Result "1/2-1/2"]
[WhiteElo "1469"]
[BlackElo "1447"]
[PlyCount "46"]
[EventDate "2015.??.??"]

1. d4 Nf6 2. c4 e6 3. Nf3 c5 4. Nc3 cxd4 5. Nxd4 Bc5 6. g3 a6 7. Bg2 O-O 8. O-O
Nc6 9. Nxc6 bxc6 10. Bf4 Re8 11. Qc2 Ba7 12. b3 Bb8 13. Bg5 h6 14. Bd2 d5 15.
cxd5 cxd5 16. Rac1 Bb7 17. Rfd1 Ba7 18. e3 Rc8 19. Qb2 Qe7 20. Ne2 Ne4 21. Be1
Qf6 22. Qxf6 Nxf6 23. Ba5 Nd7 1/2-1/2

[Event "Sonderjysk EMT Basis 2 2015"]
[Site "Vojens"]
[Date "2015.05.04"]
[Round "2"]
[White "Kristensen, Karl Martin"]
[Black "Iversen, Michael"]
[Result "1/2-1/2"]
[WhiteElo "1409"]
[BlackElo "1300"]
[PlyCount "89"]
[EventDate "2015.??.??"]

1. c4 e5 2. Nc3 Nf6 3. e4 d6 4. d3 Nc6 5. h3 Be7 6. Be3 O-O 7. Nf3 a6 8. d4
exd4 9. Nxd4 Nxd4 10. Bxd4 c5 11. Be3 Be6 12. Bd3 Nd7 13. b3 Bf6 14. Qc2 Ne5
15. Be2 Qa5 16. Bd2 Qc7 17. O-O Nc6 18. Rad1 Nd4 19. Qd3 Nxe2+ 20. Nxe2 Rad8
21. Nf4 Be5 22. Nd5 Bxd5 23. exd5 Rfe8 24. Kh1 Rb8 25. f4 Bd4 26. Rde1 Qd7 27.
Bc3 Bxc3 28. Qxc3 Qf5 29. Qd2 h6 30. Rf2 Rxe1+ 31. Qxe1 Kf8 32. Kh2 Re8 33. Qd2
Qd7 34. Re2 Rxe2 35. Qxe2 Qf5 36. Qd2 b5 37. g4 Qe4 38. cxb5 axb5 39. Kg3 c4
40. Kf2 cxb3 41. axb3 f6 42. Kg3 g5 43. f5 Qe5+ 44. Kg2 Qe4+ 45. Kg3 1/2-1/2

[Event "Sonderjysk EMT Basis 2 2015"]
[Site "Vojens"]
[Date "2015.05.04"]
[Round "2"]
[White "Nielsen, Thomas"]
[Black "Kallesen, Jesper"]
[Result "0-1"]
[WhiteElo "1623"]
[BlackElo "1564"]
[PlyCount "98"]
[EventDate "2015.??.??"]

1. c4 Nf6 2. Nf3 d5 3. cxd5 Nxd5 4. Nc3 Nc6 5. e3 g6 6. Bc4 e6 7. Qb3 Na5 8.
Qa4+ c6 9. Bxd5 exd5 10. Qd4 Rg8 11. Qe5+ Qe7 12. O-O Qxe5 13. Nxe5 Bg7 14. f4
Bxe5 15. fxe5 Nc4 16. d4 Bf5 17. b3 Nb6 18. Ba3 a5 19. Bd6 a4 20. Bc7 Nc8 21.
Nxa4 Kd7 22. Bb6 Rxa4 23. bxa4 Nxb6 24. g4 Be6 25. a5 Nc4 26. a6 bxa6 27. Rab1
Nd2 28. Rb7+ Kc8 29. Rbxf7 Bxf7 30. Rxf7 h5 31. h3 hxg4 32. hxg4 Nc4 33. Kf2 a5
34. Ke2 Kd8 35. Kd3 Re8 36. Rf6 Kd7 37. Rxg6 Rxe5 38. Rg7+ Re7 39. Rxe7+ Kxe7
40. e4 Kf6 41. a4 Nb2+ 42. Ke3 dxe4 43. Kxe4 Nxa4 44. Kd3 Nb6 45. Ke4 a4 46.
Kd3 Kg5 47. Kc3 Kxg4 48. Kb4 Kf5 49. Kc5 a3 0-1

[Event "Sonderjysk EMT Basis 2 2015"]
[Site "Vojens"]
[Date "2015.05.04"]
[Round "2"]
[White "Petersen, Broder"]
[Black "Lindgaard, Tobias Simon"]
[Result "0-1"]
[WhiteElo "1423"]
[BlackElo "1551"]
[PlyCount "38"]
[EventDate "2015.??.??"]

1. c4 f5 2. d4 Nf6 3. f4 e6 4. Nc3 Be7 5. Nf3 O-O 6. e3 d6 7. Bd3 Qe8 8. O-O
Bd8 9. Re1 Nbd7 10. e4 fxe4 11. Nxe4 Nxe4 12. Bxe4 Nf6 13. Bf5 Nh5 14. Bxe6+
Bxe6 15. d5 Nxf4 16. Bxf4 Rxf4 17. Rxe6 Qf7 18. b3 Bf6 19. Qd2 Bxa1 0-1

[Event "Sonderjysk EMT Basis 2 2015"]
[Site "Vojens"]
[Date "2015.05.28"]
[Round "3"]
[White "Iversen, Michael"]
[Black "Jessen, Morten"]
[Result "0-1"]
[WhiteElo "1300"]
[BlackElo "1469"]
[PlyCount "78"]
[EventDate "2015.??.??"]

1. e4 c5 2. Nf3 d6 3. Nc3 Nc6 4. d3 Nf6 5. Be2 g6 6. O-O Bg7 7. a3 O-O 8. Rb1
Bd7 9. Bg5 Re8 10. Bxf6 Bxf6 11. Nd5 Bg7 12. c3 e6 13. Ne3 b5 14. d4 a6 15.
dxc5 dxc5 16. Nd2 c4 17. Re1 Qb6 18. Bf3 Rad8 19. Qc2 Ne5 20. Be2 Bc6 21. Nf3
Nd3 22. Bxd3 Rxd3 23. Nf1 Qb7 24. Ng3 Red8 25. Qe2 a5 26. h3 b4 27. axb4 axb4
28. cxb4 Qxb4 29. Nf1 Bb5 30. Rec1 Rb3 31. Qe1 Qxe1 32. Nxe1 Rxb2 33. Rxb2 Bxb2
34. Rb1 c3 35. Ne3 Be2 36. f3 Rd2 37. Kh2 Bd3 38. N1c2 Bxc2 39. Nxc2 Rxc2 0-1

[Event "Sonderjysk EMT Basis 2 2015"]
[Site "Vojens"]
[Date "2015.05.11"]
[Round "3"]
[White "Jensen, Karl Orskov"]
[Black "Petersen, Broder"]
[Result "1/2-1/2"]
[WhiteElo "1447"]
[BlackElo "1423"]
[PlyCount "53"]
[EventDate "2015.??.??"]

1. b3 f5 2. Bb2 Nf6 3. c4 c5 4. Nf3 Nc6 5. g3 d6 6. Bg2 e5 7. d3 Be6 8. O-O h6
9. e3 g5 10. h4 Ng4 11. d4 cxd4 12. exd4 exd4 13. Nxd4 Nxd4 14. Bxd4 Rh7 15.
Re1 Qd7 16. Bd5 Re7 17. Nc3 a6 18. f3 Ne5 19. Bxe5 dxe5 20. hxg5 hxg5 21. Bxe6
Rxe6 22. Qxd7+ Kxd7 23. Rad1+ Kc6 24. Nd5 Bc5+ 25. Kg2 Rh8 26. Rh1 Rxh1 27.
Rxh1 1/2-1/2

[Event "Sonderjysk EMT Basis 2 2015"]
[Site "Vojens"]
[Date "2015.05.11"]
[Round "3"]
[White "Kallesen, Jesper"]
[Black "Kristensen, Karl Martin"]
[Result "1-0"]
[WhiteElo "1564"]
[BlackElo "1409"]
[PlyCount "103"]
[EventDate "2015.??.??"]

1. e4 e5 2. Nf3 Nc6 3. b3 Bc5 4. Bb2 d6 5. Nc3 a6 6. Nd5 Nf6 7. d4 exd4 8. Nxd4
Nxd5 9. exd5 Qe7+ 10. Be2 Ne5 11. Qd2 O-O 12. O-O-O h6 13. Rde1 f5 14. Bd3
Nxd3+ 15. cxd3 Qg5 16. Qxg5 hxg5 17. Re7 Rf7 18. Rhe1 Bd7 19. Kd1 a5 20. a3 c6
21. dxc6 bxc6 22. f3 Rb8 23. Kc2 Rb7 24. h3 d5 25. R7e2 Bd6 26. Ne6 Bxe6 27.
Rxe6 Rfd7 28. Rg6 Bg3 29. Ree6 Re7 30. Rxc6 Re2+ 31. Kb1 d4 32. Rb6 Re1+ 33.
Ka2 Rc7 34. Rbc6 Rce7 35. Rxg5 Be5 36. Rxf5 Re2 37. g4 Rd2 38. g5 Bc7 39. g6
Ree2 40. Rxc7 Rxb2+ 41. Ka1 Rbc2 42. Rxc2 Rxc2 43. Rxa5 Kf8 44. Rd5 Rc3 45.
Rxd4 Rxb3 46. a4 Ke7 47. Ka2 Rc3 48. a5 Rc6 49. Kb3 Ke6 50. Kb4 Kf5 51. Kb5 Re6
52. a6 1-0

[Event "Sonderjysk EMT Basis 2 2015"]
[Site "Vojens"]
[Date "2015.05.18"]
[Round "4"]
[White "Kallesen, Jesper"]
[Black "Lindgaard, Tobias Simon"]
[Result "0-1"]
[WhiteElo "1564"]
[BlackElo "1551"]
[PlyCount "50"]
[EventDate "2015.??.??"]

1. e4 e5 2. Nf3 Nc6 3. Nc3 Nf6 4. d4 exd4 5. Nxd4 Bb4 6. Nxc6 Bxc3+ 7. bxc3
bxc6 8. e5 Qe7 9. Qe2 Nd5 10. c4 Ba6 11. f4 Nb6 12. Qe4 Nxc4 13. Rb1 d5 14. Qd4
O-O 15. Bd3 f6 16. O-O fxe5 17. fxe5 Rxf1+ 18. Kxf1 Qf7+ 19. Kg1 Qh5 20. Bf4
Qg4 21. Qf2 Rf8 22. Qxa7 Qxf4 23. Qxa6 Ne3 24. Bf1 Qf2+ 25. Kh1 Qxf1+ 0-1

[Event "Sonderjysk EMT Basis 2 2015"]
[Site "Vojens"]
[Date "2015.05.18"]
[Round "4"]
[White "Kristensen, Karl Martin"]
[Black "Jessen, Morten"]
[Result "1/2-1/2"]
[WhiteElo "1409"]
[BlackElo "1469"]
[PlyCount "55"]
[EventDate "2015.??.??"]

1. c4 e5 2. Nc3 Nc6 3. Nf3 b6 4. e4 Bb7 5. Bd3 Nf6 6. a3 Be7 7. Bc2 O-O 8. d4
exd4 9. Nxd4 d6 10. h3 Nxd4 11. Qxd4 Nd7 12. O-O Bf6 13. Qe3 Re8 14. f3 Ne5 15.
b3 Nc6 16. Rd1 Bxc3 17. Qxc3 Qe7 18. Bb2 f6 19. Re1 Qe5 20. Qxe5 dxe5 21. Rad1
Rad8 22. Kf2 Nd4 23. Bxd4 exd4 24. b4 c5 25. Rd3 Bc6 26. Red1 Rb8 27. Bb3 Kf8
28. Ra1 1/2-1/2

[Event "Sonderjysk EMT Basis 2 2015"]
[Site "Vojens"]
[Date "2015.05.18"]
[Round "4"]
[White "Petersen, Broder"]
[Black "Iversen, Michael"]
[Result "1-0"]
[WhiteElo "1423"]
[BlackElo "1300"]
[PlyCount "81"]
[EventDate "2015.??.??"]

1. c4 e5 2. e4 Nf6 3. Nc3 d6 4. d3 Be7 5. f4 Nc6 6. Nf3 O-O 7. Be2 a6 8. O-O
Bd7 9. a3 Rb8 10. h3 b5 11. cxb5 axb5 12. d4 exd4 13. Nxd4 Na7 14. b4 c6 15.
Be3 Qc7 16. Rc1 Qb7 17. Bd3 c5 18. bxc5 dxc5 19. Nde2 Bc6 20. Ng3 Rfd8 21. Qc2
c4 22. Be2 Nc8 23. Rb1 Qa6 24. Bxc4 Qxa3 25. Ra1 Qb4 26. Bd3 Bc5 27. Nd1 Bxe3+
28. Nxe3 Ne7 29. e5 Nfd5 30. Bxh7+ Kf8 31. Nxd5 Bxd5 32. Bd3 Bc4 33. Bxc4 Qxc4
34. Qxc4 bxc4 35. Rfc1 Rbc8 36. Ne4 Rd4 37. Nd6 Rc6 38. Ra8+ Rc8 39. Nxc8 Nxc8
40. Rxc8+ Ke7 41. R8xc4 1-0

[Event "Sonderjysk EMT Basis 2 2015"]
[Site "Vojens"]
[Date "2015.06.01"]
[Round "5"]
[White "Jessen, Morten"]
[Black "Petersen, Broder"]
[Result "0-1"]
[WhiteElo "1469"]
[BlackElo "1423"]
[PlyCount "102"]
[EventDate "2015.??.??"]

1. Nf3 d5 2. d4 e6 3. c4 c5 4. cxd5 Qxd5 5. Nc3 Qd8 6. Bf4 cxd4 7. Qxd4 Qxd4 8.
Nxd4 a6 9. g3 Bb4 10. Rc1 Ne7 11. Bg2 O-O 12. O-O f6 13. Nb3 Nbc6 14. Rfd1 e5
15. Be3 Be6 16. Bb6 Bxb3 17. axb3 Nc8 18. Bc7 N8e7 19. Rd7 Nb8 20. Bxb8 Raxb8
21. Rcd1 Nc6 22. Na4 Nd4 23. Kf1 b5 24. Nc3 Rfd8 25. Rxd8+ Rxd8 26. e3 Bxc3 27.
bxc3 Nc6 28. Rxd8+ Nxd8 29. Bd5+ Kf8 30. c4 bxc4 31. bxc4 Ke7 32. Ke1 Kd6 33.
Kd2 Nc6 34. Kc3 Ne7 35. e4 Kc5 36. f4 Nc6 37. Bxc6 Kxc6 38. Kb4 a5+ 39. Kb3 Kc5
40. Kc3 a4 41. fxe5 fxe5 42. g4 a3 43. Kb3 a2 44. Kxa2 Kxc4 45. Kb2 Kd3 46. Kc1
Kxe4 47. Kd2 Kf4 48. h3 Kg3 49. Ke3 Kxh3 50. g5 g6 51. Ke4 Kg4 0-1

[Event "Sonderjysk EMT Basis 2 2015"]
[Site "Vojens"]
[Date "2015.06.01"]
[Round "5"]
[White "Lindgaard, Tobias Simon"]
[Black "Kristensen, Karl Martin"]
[Result "1-0"]
[WhiteElo "1551"]
[BlackElo "1409"]
[PlyCount "49"]
[EventDate "2015.??.??"]

1. c3 e5 2. d4 e4 3. Bf4 g5 4. Bg3 h5 5. h3 d5 6. e3 Bd6 7. Bxd6 Qxd6 8. c4 c6
9. Qb3 b6 10. Nc3 Nf6 11. cxd5 Nxd5 12. Nxe4 Qb4+ 13. Qxb4 Nxb4 14. Kd2 g4 15.
hxg4 Rh6 16. Rxh5 Rg6 17. g5 Bb7 18. a3 Nd5 19. Bd3 Ke7 20. Nf3 Nd7 21. Nh4
Rgg8 22. Nf5+ Ke6 23. Ned6 Rab8 24. e4 Nf4 25. Bc4+ 1-0

[Event "Sonderjysk EMT Basis 2 2015"]
[Site "Vojens"]
[Date "2015.06.08"]
[Round "6"]
[White "Kallesen, Jesper"]
[Black "Iversen, Michael"]
[Result "1/2-1/2"]
[WhiteElo "1564"]
[BlackElo "1300"]
[PlyCount "85"]
[EventDate "2015.??.??"]

1. e4 e5 2. b3 Nf6 3. Nc3 d6 4. Nf3 Nc6 5. d4 exd4 6. Nxd4 Nxd4 7. Qxd4 h6 8.
Bf4 Be6 9. O-O-O a6 10. e5 dxe5 11. Qxe5 Bd6 12. Qe3 O-O 13. Be2 Re8 14. Qd2
Ba3+ 15. Kb1 Qxd2 16. Rxd2 Bb4 17. Rd3 Bf5 18. Nd5 Nxd5 19. Rxd5 Rxe2 20. Rxf5
Rxf2 21. Rd1 g5 22. Rd4 Ba3 23. Bc1 Rxf5 24. Bxa3 Rf2 25. Rg4 Re8 26. h4 Re5
27. Bc1 Rff5 28. a3 Kh7 29. g3 Kg6 30. Rc4 c6 31. Rb4 Re7 32. g4 Rf1 33. h5+
Kh7 34. Kb2 f5 35. gxf5 Rxf5 36. Rd4 Rfe5 37. Rd6 R5e6 38. Rd4 Kg7 39. b4 Kf6
40. Kb3 Kf5 41. a4 g4 42. Rf4+ Kg5 43. Rf2+ 1/2-1/2

[Event "Sonderjysk EMT Basis 2 2015"]
[Site "Vojens"]
[Date "2015.06.08"]
[Round "6"]
[White "Kristensen, Karl Martin"]
[Black "Petersen, Broder"]
[Result "0-1"]
[WhiteElo "1409"]
[BlackElo "1423"]
[PlyCount "94"]
[EventDate "2015.??.??"]

1. c4 c5 2. Nc3 e5 3. e4 Nc6 4. d3 d6 5. Be3 f5 6. f3 Nf6 7. f4 exf4 8. Bxf4
Be7 9. Nf3 O-O 10. e5 dxe5 11. Nxe5 Nxe5 12. Bxe5 Ng4 13. Bg3 f4 14. Bf2 Nxf2
15. Kxf2 Qd4+ 16. Ke1 Bh4+ 17. Kd2 b5 18. Qf3 Be6 19. Qe4 bxc4 20. Qxe6+ Kh8
21. Qxc4 Qe3+ 22. Kc2 Qf2+ 23. Be2 Rfe8 24. Rad1 Bf6 25. Rhe1 Qxg2 26. Rd2 Qg5
27. Ne4 Qh4 28. Nxf6 Qxf6 29. Rf1 g5 30. Qc3 Qd4 31. Qxd4+ cxd4 32. h3 Re5 33.
Bg4 Rae8 34. a3 Kg7 35. h4 h6 36. Kd1 a5 37. Re2 Re3 38. Rxe3 dxe3 39. hxg5
hxg5 40. Rh1 Rf8 41. Ke2 Rb8 42. Rb1 Rh8 43. Bf3 Rh2+ 44. Ke1 g4 45. Be2 f3 46.
Bf1 Rd2 47. b4 f2# 0-1

[Event "Sonderjysk EMT Basis 2 2015"]
[Site "Vojens"]
[Date "2015.06.08"]
[Round "6"]
[White "Lindgaard, Tobias Simon"]
[Black "Jensen, Karl Orskov"]
[Result "1-0"]
[WhiteElo "1551"]
[BlackElo "1447"]
[PlyCount "31"]
[EventDate "2015.??.??"]

1. Nf3 Nf6 2. c4 e6 3. b3 a5 4. a3 Be7 5. Bb2 O-O 6. Nc3 b6 7. e4 d6 8. d4 Nbd7
9. e5 dxe5 10. dxe5 Ne8 11. Qd4 Bb7 12. Rd1 Nc5 13. Qe3 Nd7 14. Bd3 h6 15. Bc2
Bc8 16. Qe4 1-0

[Event "Sonderjysk EMT Basis 2 2015"]
[Site "Vojens"]
[Date "2015.06.13"]
[Round "7"]
[White "Iversen, Michael"]
[Black "Lindgaard, Tobias Simon"]
[Result "0-1"]
[WhiteElo "1300"]
[BlackElo "1551"]
[PlyCount "112"]
[EventDate "2015.??.??"]

1. e4 b6 2. Nc3 Bb7 3. Nf3 e6 4. d3 Nf6 5. g3 Be7 6. Bg2 d6 7. O-O Nbd7 8. a3
a6 9. Re1 O-O 10. b4 Ne5 11. Nxe5 dxe5 12. Bb2 c5 13. Na2 Qc7 14. Qd2 cxb4 15.
axb4 Rac8 16. c3 Rfd8 17. Nc1 b5 18. Qe2 Nd7 19. Nb3 Nb6 20. Rac1 Na4 21. Na5
Nxb2 22. Qxb2 Rxd3 23. Nxb7 Qxb7 24. f3 Qc7 25. Red1 Rxd1+ 26. Rxd1 Qxc3 27.
Qxc3 Rxc3 28. Rd7 Bxb4 29. Rd8+ Bf8 30. Ra8 Rc6 31. Bf1 Rb6 32. Kf2 g6 33. Ke3
Kg7 34. Kd3 g5 35. Kc3 h5 36. Be2 Bd6 37. h3 Kf6 38. g4 h4 39. Kb3 Ke7 40. Ra7+
Ke8 41. Ra8+ Kd7 42. Ra7+ Bc7 43. Kb4 Kc6 44. Ka5 Rb7+ 45. Kxa6 Rxa7+ 46. Kxa7
b4 47. Bd1 Bb6+ 48. Ka6 Bd4 49. Bb3 Bc3 50. Ka5 Kc5 51. Ka4 Kd4 52. Bd1 Ke3 53.
Kb3 Kf2 54. Kc2 Kg3 55. Kd3 Kxh3 56. Ke2 Kg2 0-1

[Event "Sonderjysk EMT Basis 2 2015"]
[Site "Vojens"]
[Date "2015.06.13"]
[Round "7"]
[White "Jensen, Karl Orskov"]
[Black "Kristensen, Karl Martin"]
[Result "1/2-1/2"]
[WhiteElo "1447"]
[BlackElo "1409"]
[PlyCount "60"]
[EventDate "2015.??.??"]

1. d4 d6 2. Nf3 g6 3. g3 Bg7 4. Bg2 Nc6 5. O-O e5 6. dxe5 Nxe5 7. c3 Ne7 8. Qb3
Rb8 9. Nxe5 Bxe5 10. Qa4+ Bd7 11. Qxa7 c6 12. Qa4 O-O 13. Bh6 b5 14. Qc2 Re8
15. Rd1 d5 16. e4 Be6 17. Be3 Qc7 18. Nd2 c5 19. Nf3 dxe4 20. Nxe5 Qxe5 21. Bf4
Qf6 22. Bxb8 Rxb8 23. Bxe4 Qg5 24. Qd2 Qe5 25. Qf4 Qxf4 26. gxf4 f5 27. Bc2 Nd5
28. Rxd5 Bxd5 29. Rd1 Bxa2 30. b3 c4 1/2-1/2

[Event "Sonderjysk EMT Basis 2 2015"]
[Site "Vojens"]
[Date "2015.06.13"]
[Round "7"]
[White "Jessen, Morten"]
[Black "Kallesen, Jesper"]
[Result "0-1"]
[WhiteElo "1469"]
[BlackElo "1564"]
[PlyCount "50"]
[EventDate "2015.??.??"]

1. d4 d5 2. Nf3 g6 3. c4 Nf6 4. Nc3 Bg7 5. cxd5 Nxd5 6. e4 Nxc3 7. bxc3 c5 8.
Be3 O-O 9. Be2 Bg4 10. O-O Bxf3 11. Bxf3 cxd4 12. cxd4 Nc6 13. Rb1 Bxd4 14.
Bxd4 Qxd4 15. Rxb7 e5 16. Qc1 Qa4 17. Bd1 Qa6 18. Rc7 Nd4 19. Qc4 Qxc4 20. Rxc4
Rab8 21. Ra4 Rb7 22. f4 f6 23. fxe5 fxe5 24. Rxf8+ Kxf8 25. Ra5 Rb1 0-1